000 00682nam a2200205 a 4500
999 _c5794
_d5794
005 20180920115650.0
008 130815b2006 ck ||||| |||| 00| 0 spa d
020 _a9789588151823
040 _aCO-BoIAVH
_cCO-BoIAVH
041 _aspa
044 _ack
090 _aIAVH
_b00718
100 _aCabrera M., Edersson
_91637
245 _aAproximación metodológica para la delimitación de ecosistemas de enclaves secos :
_bCaso piloto. Cañones del río Dagua y del río Tuluá. Villa del Cauca - Colombia
260 _aBogotá
_bInstituto Alexander von Humboldt
_c2006
300 _a48 p.
700 _aGalindo G., Gustavo
_91638
942 _cLIBRO
_2ddc
_02
945 _d2007-09-04